| 000 | 00795cab a2200265 4500 | ||
|---|---|---|---|
| 001 | ABS51083 | ||
| 008 | 090401t1994 xxu||||| |||| 00| 0 eng d | ||
| 035 | _a(Sirsi) u8831 | ||
| 041 | _aeng | ||
| 100 | _aRobertson, M. | ||
| 245 | _aTUPE - all change again? | ||
| 260 | _c1994 | ||
| 350 | _a0 | ||
| 490 |
_aSolicitors` Journal _v138(29) 29 July 1994, 767-768(2) |
||
| 520 | _aMonitors developments in the TUPE legislation and draft proposals to amend the Acquired Rights Directive. | ||
| 650 | _aDIRECTIVE 77/187/EEC | ||
| 650 | _aACQUIRED RIGHTS DIRECTIVE | ||
| 650 | _aEC LAW | ||
| 650 | _aEMPLOYMENT | ||
| 650 | _aTRANSFER OF UNDERTAKINGS (PROTECTION OF EMPLOYMENT) REGULATIONS 1981 | ||
| 650 | _aTUPE | ||
| 690 | _aECONOMIC AND SOCIAL | ||
| 942 | _n0 | ||
| 948 | _c04/03/1997 | ||
| 999 |
_c5471 _d5471 |
||